000 00965nam a22002057a 4500
005 20240530112754.0
010 _aHIN-127653
020 _a9788195751051
_c169.00
020 _a8195751059
_c169.00
035 _aHN-99999
037 _bDBAD
082 _a821
100 _aद्विवेदी, प्रीति
_967099
245 _aकव्यप्रीत:
_bनारी मन से/
_cप्रीति द्विवेदी 'प्रीत'
260 _aनई दिल्ली
_bफलोरेंट पब्लिकेशन,
_c2022
270 _a8, 2, स्ट्रीट नं.- 1, आर्य नगर, दयानंद विहार, वेस्ट विनोद नगर
_bनई दिल्ली
_e110092
_minfo.florentpub@gmail.com
300 _a99पृ.
_c22 सेमी.(अजिल्द)
650 _aहिन्दी
_967100
942 _2ddc
_cHN
_h821
_mद्विवेदी
999 _c202999
_d202999